Normal view
MARC view
Entry Topical Term
001 - CONTROL NUMBER
- control field: 543724
003 - CONTROL NUMBER IDENTIFIER
- control field:
005 - DATE AND TIME OF LATEST TRANSACTION
- control field: 20210602173817.0
008 - FIXED-LENGTH DATA ELEMENTS
- fixed length control field: 210602|| aca||aabn | a|a d
040 ## - CATALOGING SOURCE
- Original cataloging agency:
- Transcribing agency:
150 ## - HEADING--TOPICAL TERM
- Topical term or geographic name entry element: Poetry
- General subdivision: Authorship
- General subdivision: Sex differences
- General subdivision: History
- Chronological subdivision: 16th century
670 ## - SOURCE DATA FOUND
- Source citation: Work cat.: (): Smith, Rosalind 1968- 543723, Sonnets and the English woman writer, 1560-1621 :, c 2005
